Las olas

Gardado en:
Detalles Bibliográficos
Autor Principal: Woolf, Virginia, 1882-1941 (autora)
Formato: Libro
Idioma:Lingua castelá
Publicado: Barcelona, España Bruguera 1980
Series:Club Bruguera. 29
Subjects:
Tags: Engadir etiqueta
Sen Etiquetas, Sexa o primeiro en etiquetar este rexistro!

MARC

LEADER 00000cam a2200000 a 4500
001 UCE7422
003 CL-VaPUC
005 20230530092820.0
008 150605e19800000sp |||||||||||||||||spa|d
999 |c 359517  |d 359515 
020 |a 8402071899 
040 |c Pontificia Universidad Católica de Valparaíso 
082 0 4 |a 823 WOO 1980  |2 21 
100 |a Woolf, Virginia,   |d 1882-1941  |e autora  |9 265377 
245 1 4 |a Las olas 
260 0 3 |a Barcelona, España  |b Bruguera  |c 1980 
300 |a 282 páginas 
490 0 |a Club Bruguera.  |v 29 
583 |a last modification  |c 20150605 14:50:00  |k Rodrigo Vera 
650 0 |a Abandono del hogar  |9 309234 
650 7 |a NOVELAS INGLESAS  |2 CL-VaPUC  |9 309260 
650 0 |a Literatura inglesa  |9 312907 
942 |c BK  |2 ddc 
945 |d 20150605 14:50:00  |a gsalatino 
952 |0 0  |1 0  |2 ddc  |3 erb  |4 0  |6 823_000000000000000_WOO_1980  |7 0  |8 A  |9 468721  |a BIBEDU  |b BIBEDU  |e Villagrán Garnham, Jorge  |i 5177383  |l 2  |o 823 WOO 1980  |p 5177383  |r 2025-03-11  |s 2025-03-11  |t 1  |w 2019-11-23  |y BK  |z Catalogado en:20150605  |k LIT